LEADER 01376nam 2200457 450 001 9910398228803321 010 $a958-762-367-3 035 $a(CKB)4100000006672421 035 $a(MiAaPQ)EBC5513649 035 $a(EXLCZ)994100000006672421 100 $a20181210d2014 uy 0 101 0 $aspa 135 $aurcnu|||||||| 181 $2rdacontent 182 $2rdamedia 183 $2rdacarrier 200 13$aEl Fleteo $ela abstraccio?n de un riesgo criminal : una experiencia de inteligencia criminal aplicada /$fYofre Luis Cortes Vargas, He?ctor Alfredo Amaya Cristancho 210 1$aBogota? :$cEdiciones de la U,$d2014. 215 $a1 online resource (137 pa?ginas) 225 1 $aIngenieri?a juri?dica 311 $a958-762-227-8 320 $aContiene bibliografi?a. 410 0$aIngenieri?a juri?dica. 606 $aRobbery 606 $aCrime$zColombia$vCase studies 606 $aDelito 606 $aEstudio de caso 607 $aColombia 608 $aLibros electronicos. 615 0$aRobbery. 615 0$aCrime 615 4$aDelito. 615 4$aEstudio de caso. 676 $a364.1552 700 $aCorte?s Vargas$b Yofre Luis$0943003 702 $aAmaya Cristancho$b He?ctor Alfredo 801 0$bFINmELB 906 $aBOOK 912 $a9910398228803321 996 $aEl Fleteo$92128011 997 $aUNINA LEADER 02020nam 2200457Ia 450 001 9910701260503321 005 20120618131509.0 035 $a(CKB)5470000002416452 035 $a(OCoLC)795713165 035 $a(EXLCZ)995470000002416452 100 $a20120618d2011 ua 0 101 0 $aeng 135 $aurmn||||||||| 181 $ctxt$2rdacontent 182 $cc$2rdamedia 183 $acr$2rdacarrier 200 00$aDeformation behavior of welded steel sandwich panels under quasi-static loading$b[electronic resource] /$f[D.Y. Jeong ... [and others]] 210 1$aWashington, DC :$cU.S. Dept. of Transportation, Federal Railroad Administration, Office of Railroad Policy and Development,$d[2011] 215 $a1 online resource (vi, 63 pages) $cillustrations (some color) 300 $aTitle from title screen (viewed on June 18, 2012). 300 $a"March 2011." 300 $a"Final report." 300 $a"Performing organization, U.S. Department of Transportation, John A. Volpe National Transportation Systems Center, Research and Innovative Technology Administration"--Rept. documentation p. 300 $a"DOT/FRA/ORD-11/06." 300 $a"DOT-VNTSC-FRA-10-08"--Rept. documentation p. 320 $aIncludes bibliographical references (pages 41-43). 606 $aWelded steel structures$xDesign and construction 606 $aSteel, Structural$xWelding 606 $aSandwich construction 615 0$aWelded steel structures$xDesign and construction. 615 0$aSteel, Structural$xWelding. 615 0$aSandwich construction. 701 $aJeong$b D. Y$g(David Y.)$01380674 712 02$aUnited States.$bFederal Railroad Administration.$bOffice of Railroad Policy and Development. 712 02$aJohn A. Volpe National Transportation Systems Center (U.S.) 801 0$bGPO 801 1$bGPO 906 $aBOOK 912 $a9910701260503321 996 $aDeformation behavior of welded steel sandwich panels under quasi-static loading$93499270 997 $aUNINA